Dutch sportswoman of the year - Statistics

General Stats
  • This quiz has been taken 19 times
    14 since last reset
  • The average score is 13 of 42
Answer Stats
Year Winner Sport Achievement % Correct
2015, 2017 Dafne Schippers athletics world champion 200m
100%
2006, 2014 Ireen Wüst speedskating Olympic champion 3000m, world champion allround
69%
2008, 2009, 2013 Marianne Vos cycling Olympic champion points race, world champion points race, cyclo cross and road race
62%
2019, 2021 Sifan Hassan athletics world champion 1500m and 10km
62%
1990, 1993, 1999, 2000, 2003, 2004d Leontien van Moorsel cycling world champion pursuit, road race and time trial, Olympic champion road race, time trial and pursuit, winner tour féminin
54%
2011, 2012 Ranomi Kromowidjojo swimming 2nd place world championship 50m freestyle, Olympic champion 50m+100m freestyle
54%
1994 Anky van Grunsven equestrianism winner World Equestrian Games dressage
46%
2018 Suzanne Schulting shorttrack speedskating Olympic champion 1000m
46%
1998 Marianne Timmer speedskating Olympic champion 1000m and 1500m
38%
2007 Marleen Veldhuis swimming world championship and world record 50m freestyle indoor
38%
2010 Nicolien Sauerbreij snowboard Olympic champion parallel giant slalom
38%
1979 Petra de Bruin cycling world champion road race
38%
2016 Sanne Wevers gymnastics Olympic champion balance beam
38%
1959, 1960, 1961, 1962, 1963, 1964 Sjoukje Dijkstra figure skating European champion, world champion, Olympic champion
38%
1997 Tonny de Jong speedskating European champion allround
38%
1992 Ellen van Langen athletics Olympic champion 800m
31%
2001 Inge de Bruijn swimming world champion 50m+100m freestyle and 50m butterfly
31%
2002 Verona van de Leur gymnastics 2nd place European championships overall
31%
1965, 1966, 1968 Ada Kok swimming world record 100m butterfly, European champion 100m butterfly, Olympic champion 200m butterfly
23%
1970 Atje Keulen-Deelstra speedskating world champion allround
23%
1981, 1985 Bettine Vriesekoop table tennis world championship last 16, winner European top 12 tournament
23%
1977 Betty Stöve tennis finalist UK Open (Wimbledon)
23%
2005 Edith van Dijk swimming world champion 10km and 25km
23%
1976, 1978 Keetie van Oosten-Hage cycling world champion road race
23%
1955 Mary Kok swimming world records 100m+200m freestyle and 400m butterfly
23%
1986 Nellie Cooman athletics world record 60m indoor
23%
1988 Yvonne van Gennip speedskating Olympic champion 1500m, 3000m and 5000m
23%
1995 Angelique Seriese judo world champion abov 78kg
15%
1982 Annemarie Verstappen swimming world champion 200m freestyle
15%
1980 Annie Borckink speedskating Olympic champion 1500m
15%
1983 Conny van Bentum swimming several medals European championships
15%
1975 Dianne de Leeuw figure skating world champion
15%
1989 Elly van Hulst athletics world champion 3000m indoor
15%
1973, 1974 Enith Brigitha swimming 2nd place world championship 200m backstroke and European championship 200m freestyle
15%
1991, 1996 Ingrid Haringa cycling world champion points race and sprint, Olympic medals points race and sprint
15%
1987 Irene de Kok judo world champion under 72 kg
15%
1984 Ria Stalman athletics Olympic champion discus
15%
1971 Willy Stähle waterski world champion figures
15%
1972 Ans van Gerwen gymnastics 19th Olympic games
8%
1969 Mia Gommers athletics 2nd place European championship 1500m
8%
1967 Stien Kaiser speedskating world champion allround
8%
1954 Geertje Wielema swimming European champion 100m backstroke
0%
No matching quizzes found
Score Distribution
Percent of People with Each Score
Percentile by Number Answered
Your Score History
You have not taken this quiz since the last reset